000 00615nam a2200181 i 4500
001 104047
003 ES-MaACL
005 20230906183511.0
007 t|
008 051122s1967 sp ||||1| spa d
245 0 0 _aEnciclopedia Salvat de la música /
_c[François Michel; revisión y adaptación Manuel Valls Gorina].
260 _aBarcelona :
_bSalvat,
_c1967.
300 _a4 v. :
_bil. ;
_c27 cm.
505 8 _aContiene: T. 1.-- A-Dz. T. 2.-- E-Iz. T. 3.-- J-Pi. T. 4.-- Pl-Z
700 1 _aValls Gorina, Manuel.
_9112941
700 1 _aMichel, François.
_980894
852 _aES-MaACL
_jC-34317-20
_bR.65224
999 _c104047
_d104047